| 000 | 00735nam a22002295i 4500 | ||
|---|---|---|---|
| 001 | 165656 | ||
| 003 | ES-MaACL | ||
| 005 | 20250816062552.0 | ||
| 008 | 050803s1765 it | |||||||| ||ita d | ||
| 040 |
_aCAM _bspa _cCAM |
||
| 100 | 1 |
_aSpalletti, Giuseppe. _9132861 |
|
| 245 | 1 | 0 | _aSaggio sopra la bellezza. |
| 260 |
_aIn Roma : _bFrancesco Bizzarrini Komarek imprimeva ..., _c1765. |
||
| 300 |
_a93, [3] en bl. p. ; _c21 cm. |
||
| 594 | _aICCU señala como autor a Giuseppe Spalletti. | ||
| 596 | _aEl imp. consta en colofón. | ||
| 597 | _aSign.: A-F8. | ||
| 597 | _aPort. fileteada. | ||
| 650 | 7 |
_aEstética _2embne _9142387 |
|
| 852 |
_aES-MaACL _jR-1183 _z-- Enc. piel _x-- Olim: G-7597 |
||
| 999 |
_c165656 _d165656 |
||